[Event "31st Roquetas de Mar Open 2020"]
[Site "Roquetas de Mar"]
[Date "2020.01.07"]
[Round "9.13"]
[White "Klekowski, Maciej"]
[Black "Harff, Marcel"]
[Result "1/2-1/2"]
[WhiteElo "2515"]
[BlackElo "2369"]
[Annotator "TA"]
[PlyCount "67"]
[EventDate "2020.01.02"]
[EventType "swiss"]
[EventCountry "ESP"]
[SourceTitle "playchess.com"]
[Source "ChessBase"]
[SourceQuality "1"]

{[%evp 11,67,5,28,10,10,14,19,13,22,14,7,10,17,0,4,0,6,0,2,4,0,-7,54,0,0,0,0,0,0,0,0,0,0,0,0,0,0,0,0,0,0,0,0,0,0,0,0,0,0,0,0,0,0,0,0,0,0,0]} 1. c4 e5 2. g3 Nc6 3. Bg2 g6 4. Nc3 Bg7 5. d3 d6 6. e3 h5 7. h4 {A25: English Opening vs King's Indian with ...Nc6 but without early d3} Bg4 8. Nge2 Qd7 9. Nd5 $146 ({Predecessor:} 9. f3 Be6 10. e4 f5 11. Nd5 Nce7 12. Bg5 c6 13. Nxe7 Nxe7 14. O-O O-O 15. Rc1 Rae8 {½-½ (23) Solak,D (2629)-Tutisani,N (2394) Batumi 2018}) 9... Nd8 10. e4 c6 {...Bxe2 is the strong threat.} 11. Ndc3 Ne7 12. Be3 c5 13. a3 Ndc6 14. f3 Be6 15. Nd5 O-O 16. O-O f5 ({Black should play} 16... b5 $11) 17. Qd2 (17. Bg5 $14) 17... fxe4 $11 {The position is equal.} 18. fxe4 Nd4 {aiming for ...Nb3.} 19. Nxd4 cxd4 20. Nxe7+ Qxe7 21. Bg5 Qd7 22. Rxf8+ Rxf8 23. Rf1 b5 24. cxb5 Qxb5 25. Bh6 Rxf1+ 26. Bxf1 Bf7 {Black wants to play ...Bxh6.} 27. Bxg7 Kxg7 28. Be2 d5 29. Bf3 dxe4 30. Bxe4 Bd5 31. Bxd5 Qxd5 32. Qb4 Kf7 33. Qb8 Qc5 34. Qb7+ {Accuracy: White = 70%, Black = 77%.} 1/2-1/2

[Event "31st Roquetas de Mar Open 2020"]
[Site "Roquetas de Mar"]
[Date "2020.01.07"]
[Round "9.14"]
[White "Marin, Mihail"]
[Black "Shahil Dey"]
[Result "1/2-1/2"]
[WhiteElo "2496"]
[BlackElo "2148"]
[Annotator "TA"]
[PlyCount "89"]
[EventDate "2020.01.02"]
[EventType "swiss"]
[EventCountry "ESP"]
[SourceTitle "playchess.com"]
[Source "ChessBase"]
[SourceQuality "1"]

{[%evp 11,89,12,16,6,19,17,21,21,41,38,42,47,43,25,44,33,49,45,46,46,46,42,46,45,58,53,74,32,33,33,32,23,39,38,42,39,48,28,52,27,48,33,40,32,32,32,37,0,50,50,50,50,50,35,50,50,50,37,50,50,50,37,37,37,50,37,37,37,37,37,37,0,37,37,37,37,37,0,37,0]} 1. Nf3 Nf6 2. g3 d5 3. Bg2 c6 4. O-O Bg4 5. c4 e6 6. d3 Nbd7 7. cxd5 {A11: English Opening: 1...c6} cxd5 (7... exd5 8. h3 Bxf3 9. Bxf3 Bc5 10. Bg2 O-O 11. Nc3 Re8 12. e4 dxe4 13. dxe4 Ne5 14. Bg5 h6 15. Bxf6 Qxf6 16. Kh2 Qe6 17. Qc2 Rad8 18. b3 {½-½ (68) Adly,A (2626)-Kryakvin,D (2588) St Petersburg 2018}) 8. Qb3 Qb6 9. Qxb6 {The position is equal.} axb6 10. Nc3 Bc5 11. Bd2 $146 ({Predecessor:} 11. Nb5 O-O 12. Bd2 Bxf3 13. Bxf3 Ne5 14. Kg2 Nxf3 15. Kxf3 Rfc8 16. Rfc1 {1-0 (16) Kushnaryov,A (1883)-Taffijn,A (1819) LSS email 2009}) 11... O-O 12. Rfc1 Rfc8 13. a3 Bxf3 14. Bxf3 Ne5 15. Bg2 Nc6 16. b4 Bd4 17. e3 Bxc3 18. Bxc3 b5 19. e4 d4 20. Bb2 Nd7 21. f4 f6 22. Rc2 Kf7 23. Rac1 Ke7 24. Kf2 Rf8 25. Ke2 Ra6 26. h4 Kd6 27. h5 h6 28. Bf3 Rc8 29. Bg2 Raa8 30. Kd2 e5 31. Bh3 Na7 32. Bg4 (32. Rf1 {is interesting.} Rxc2+ 33. Kxc2 Rc8+ 34. Kb3 Rc7 35. Rc1) 32... Rxc2+ 33. Rxc2 Rc8 34. Bd1 Rxc2+ 35. Bxc2 $14 {[%mdl 4096] Endgame KBB-KNN} Nb6 36. Bb3 Na4 37. Bc1 Nc6 38. Ke2 Nc3+ 39. Kf3 Ke7 40. Kg4 Kd6 41. Kf3 Ke7 42. Kg2 Kd6 43. Kf2 Kd7 44. Kf3 Ke7 45. Kg4 {Accuracy: White = 48%, Black = 63%.} 1/2-1/2

[Event "31st Roquetas de Mar Open 2020"]
[Site "Roquetas de Mar"]
[Date "2020.01.07"]
[Round "9.15"]
[White "Savitha Shri B"]
[Black "Villanueva, Mario"]
[Result "1/2-1/2"]
[WhiteElo "2106"]
[BlackElo "2488"]
[Annotator "TA"]
[PlyCount "90"]
[EventDate "2020.01.02"]
[EventType "swiss"]
[EventCountry "ESP"]
[SourceTitle "playchess.com"]
[Source "ChessBase"]
[SourceQuality "1"]

{[%evp 14,90,19,7,29,38,24,-6,0,0,3,2,0,-13,-8,-28,-23,-59,-54,-70,-56,-62,-52,-114,-104,-124,-110,-110,-125,-121,-125,-107,-114,-112,-108,-104,-112,-120,-101,-101,-100,-93,-96,-98,-37,-36,-39,-32,0,0,0,0,0,0,0,0,0,0,0,0,0,0,0,0,0,0,0,0,0,0,0,0,0,0,0,0,0,0,0]} 1. d4 e6 2. c4 b6 3. Nf3 Bb7 4. e3 Nf6 5. Bd3 d5 6. O-O Nbd7 7. Nc3 Bd6 8. Qe2 Ne4 {E14: Queen's Indian: Classical Variation (4 e3)} 9. cxd5 exd5 10. Ba6 Qc8 11. Bxb7 Qxb7 12. Nd2 $146 ({Predecessor:} 12. Bd2 O-O 13. Rac1 a6 14. Rc2 Rae8 15. Rfc1 Ndf6 16. Be1 {0-1 (25) Adnoy,H (2286)-Berg,E (2587) Oslo 2012}) 12... O-O 13. Ndxe4 dxe4 14. f3 Nf6 {[%cal Bd7f6,Bf6e4,Be4d2][%mdl 32]} 15. fxe4 Nxe4 16. Qf3 Rae8 17. Bd2 c5 18. Rae1 {[#]} ({White should play} 18. Rad1 $15) 18... Bxh2+ $1 $17 {[%mdl 512]} 19. Kxh2 Qb8+ 20. Qf4 Nxd2 21. Rf2 {aiming for Qxb8.} Qxf4+ 22. Rxf4 Nc4 23. dxc5 Nxb2 24. Re2 Nd3 {[%mdl 64] Double Attack} 25. Ra4 {Black should prevent c6.} Nxc5 26. Rxa7 Re5 27. Rb2 Rd8 28. Rxb6 g6 (28... h6 $17 29. Ne2 Rxe3) 29. Rf6 $1 $15 {[%cal Rf6f7]} Rh5+ 30. Kg1 Rd3 {[%mdl 64] Double Attack} 31. Rfxf7 {And now Rfc7 would win.The position is equal.} Rxc3 32. Rg7+ Kh8 {Threatens to win with ...Rc1+.} 33. Rge7 {[%cal Re7e8]} Rc1+ 34. Kf2 {[%cal Re7e8]} Rf5+ 35. Ke2 {Re8+ would kill now.} Rcf1 {[%csl Gf1][%cal Rf5f2]} 36. e4 $1 {[%cal Re4f5]} R5f2+ {[%mdl 64] Double Attack} 37. Ke3 Rf4 {Hoping for ...Rxe4+!} 38. Kd4 {[#]} Rxe4+ $1 {[%mdl 512]} 39. Rxe4 Nxe4 40. Kxe4 $11 {[%mdl 4096] Endgame KR-KR} Rf2 41. g3 h5 42. a4 g5 43. Ra5 h4 44. Rxg5 hxg3 45. Rxg3 {Strongly threatening Ra3.} Ra2 {Accuracy: White = 70%, Black = 70%.} 1/2-1/2

[Event "31st Roquetas de Mar Open 2020"]
[Site "Roquetas de Mar"]
[Date "2020.01.07"]
[Round "9.16"]
[White "Raja Harshit"]
[Black "Nawin J J"]
[Result "1-0"]
[WhiteElo "2482"]
[BlackElo "1993"]
[Annotator "TA"]
[PlyCount "80"]
[EventDate "2020.01.02"]
[EventType "swiss"]
[EventCountry "ESP"]
[SourceTitle "playchess.com"]
[Source "ChessBase"]
[SourceQuality "1"]

{[%evp 20,80,43,33,54,54,53,38,38,31,37,33,31,29,31,27,35,31,37,36,33,25,37,35,33,31,30,0,6,10,48,47,50,50,54,50,50,60,65,54,87,32,135,138,149,159,255,255,269,294,285,285,273,274,375,285,285,270,366,362,711,669,919]} 1. d4 Nf6 2. Nf3 g6 3. g3 Bg7 4. Bg2 O-O 5. O-O d6 6. c4 c5 7. Nc3 Nc6 8. dxc5 dxc5 9. Bf4 Nh5 10. Be3 Nd4 11. Qd2 Be6 {E65: King's Indian: Fianchetto: 6...c5 7 0-0 without d5 by White} (11... e5 12. Nd5 Nf6 13. Nxd4 exd4 14. Bg5 Bf5 15. a3 Rc8 16. e4 dxe3 17. fxe3 Ne4 18. Bxe4 Qxg5 19. Bxf5 gxf5 20. Rxf5 {1-0 (37) Drygalov,S (2446)-Jones,G (2682) St Petersburg 2018}) 12. Rfd1 {[%cal Rf3d4]} Rc8 13. Rac1 $146 (13. b3 {looks sharper.} Nxf3+ 14. Bxf3 Qxd2 15. Bxd2 b6 16. Rac1) ({Predecessor:} 13. Nxd4 cxd4 14. Bxd4 Qxd4 15. Qxd4 Bxd4 16. Rxd4 Rxc4 17. Rxc4 {½-½ (17) Topp,M (2104)-Van Lommel,P (2122) Germany 2006}) 13... Bxc4 {White is slightly better.} 14. Nxd4 cxd4 15. Bxd4 Bxd4 16. Qxd4 Qxd4 17. Rxd4 b5 18. b3 Be6 19. Rdd1 b4 20. Nb5 a5 $1 21. Nc7 Nf6 22. Bb7 Rcd8 23. f3 Rxd1+ 24. Rxd1 Rb8 (24... Bc8 $5 {[%cal Rc8b7]} 25. Bc6 Bh3 $11) 25. Ba6 Rb6 26. Rd8+ Kg7 27. Nxe6+ Rxe6 $14 {[%mdl 4096] Endgame KRB-KRN} 28. Bc4 Re5 29. Kf2 Rc5 30. g4 (30. e4 $16) 30... h6 (30... h5 $14) 31. Ke3 $16 e5 32. h4 g5 {[#]} (32... Rc7 $16 {was worth a try.} 33. Ra8 Rc5) 33. h5 $1 $18 Rc7 34. Ra8 Rc5 35. Ra7 Nd5+ 36. Ke4 Nc7 37. Rb7 Kf6 38. Rb8 Kg7 39. Kf5 Nd5 $2 {[#]} (39... Ne6 40. Bxe6 e4+ 41. Kxe4 fxe6 42. Rb7+ Kg8) 40. Kxe5 Nc3+ {Accuracy: White = 82%, Black = 39%.} 1-0

[Event "31st Roquetas de Mar Open 2020"]
[Site "Roquetas de Mar"]
[Date "2020.01.07"]
[Round "9.17"]
[White "Kiselev, Pavel"]
[Black "Gascon Del Nogal, Jose Rafael"]
[Result "1-0"]
[WhiteElo "2303"]
[BlackElo "2466"]
[Annotator "TA RC"]
[PlyCount "117"]
[EventDate "2020.01.02"]
[EventType "swiss"]
[EventCountry "ESP"]
[SourceTitle "playchess.com"]
[Source "ChessBase"]
[SourceQuality "1"]

{[%evp 29,117,0,16,10,8,8,8,6,6,0,0,0,27,0,11,4,13,0,0,0,0,0,0,0,0,0,18,27,59,58,66,57,58,53,56,62,59,64,70,52,52,151,342,274,282,272,1058,1059,1012,1008,875,882,1033,988,1977,1933,1681,1568,12836,12835,12835,1525,12833,1287,12827,6342,6318,5887,12837,12838,12838,12839,12838,12839,12839,12839,12838,12839,12838,12839,12841,12841,12841,12841,12841,12842,12843,12844,29994,29995]} 1. Nf3 Nf6 2. d4 d5 3. c4 e6 4. Nc3 dxc4 5. e3 a6 6. a4 c5 7. Bxc4 Nc6 8. O-O Be7 9. Qe2 cxd4 10. Rd1 e5 11. exd4 exd4 12. Nxd4 Nxd4 13. Qe5 Qd6 14. Qxd4 Qxd4 15. Rxd4 Bc5 16. Rf4 {D27: Queen's Gambit Accepted: Classical main line: 7 e4!? and 7 a4} (16. Rd3 {with more complications.} Bf5 17. Rf3 Be6 18. Be3 Bb4 19. Bxe6 fxe6 20. Rf4) (16. Rd3 O-O 17. Be3 Bxe3 18. Rxe3 Bd7 19. Nd5 Rfe8 20. Nxf6+ gxf6 21. Rg3+ Kf8 22. Bd3 h6 23. Rf3 Kg7 24. Rf4 Rad8 25. Be4 Bxa4 26. Bxb7 Rd1+ 27. Rxd1 Bxd1 28. h4 Rb8 29. Bxa6 Rxb2 30. Kh2 Be2 {½-½ (30) Wang,Y (2690)-Lu,S (2640) China 2018}) 16... Be6 17. Bxe6 fxe6 18. Rc4 {The position is equal.} Ba7 $146 ({Predecessor:} 18... Bd6 19. Be3 Ke7 20. Ne4 Nd5 21. Bd4 Rhg8 22. Re1 h6 23. h4 Rad8 24. Nxd6 Kxd6 {½-½ (84) Shinkevich,V (2439)-Fakhrutdinov,T (2481) St Petersburg 2018}) 19. Bg5 O-O 20. Re1 Rad8 21. Re2 Bd4 {[#] Strongly threatening ...Bxc3.} 22. h3 (22. Kf1 {feels hotter.} e5 23. Ne4 Rc8 24. Rxc8 Rxc8 25. Nd6) 22... e5 23. Bxf6 gxf6 24. Ne4 f5 25. Ng5 Ba7 26. Rc7 ({Of course not} 26. Rxe5 Rd1+ 27. Kh2 Bb8 $17) 26... h6 27. Rxb7 Rd1+ 28. Kh2 Bb8 29. Ne6 e4+ $1 30. g3 Rc8 $1 {With the idea ...Be5!} 31. Ng7 $36 {[%mdl 2048] White is more active.} Rcc1 $1 {[#] ( -> ...Rh1+)} 32. Rxb8+ Kxg7 $14 {[%mdl 4096] Endgame KRR-KRR} 33. g4 $1 {[%cal Rg4f5]} fxg4 $1 34. hxg4 Rh1+ $1 35. Kg3 Rcg1+ (35... Rhg1+ $16 36. Kf4 Rc7) 36. Kf4 $18 Rh4 37. Rb7+ Kg8 $2 (37... Kf6 38. Rb6+ {[%mdl 64] Double Attack} (38. Kxe4 Rgxg4+ 39. Kd3 Rxa4 $11) 38... Kg7) 38. f3 {Threatens to win with Rc2.} Rc1 39. Rxe4 {[%cal Re4e8]} Rc8 40. Re6 Rh3 41. Rg6+ Kf8 42. Rxa6 h5 43. g5 h4 44. b3 Rh1 45. Kg4 Kg8 46. Rh6 Rg1+ 47. Kxh4 Rc2 48. Kh5 Rh1+ 49. Kg4 Rg1+ 50. Kf4 Rc8 51. Rg6+ Kh8 52. Rf6 Rh1 53. Rh6+ Rxh6 54. gxh6 {KR-KR} Rc6 55. a5 Rf6+ 56. Ke3 Ra6 57. b4 {[%cal Bb3b4,Bb4b5][%mdl 32]} Rg6 58. b5 Rg7 59. hxg7+ {Accuracy: White = 62%, Black = 42%.} 1-0